Specialità dell'Atletica leggera (Olimpiadi) - Statistics

Statistiche generali
  • Questo quiz è stato fatto 106 volte
  • Il punteggio medio è 16 su 26
Statistiche sulle risposte
Record Mondiale Atleta Specialità % Corretto
2,45 m Javier Sotomayor Salto in alto
87%
8,95 m Mike Powell Salto in lungo
87%
2h00'35" Kelvin Kiptum Maratona
85%
6,28 m Armand Duplantis Salto con l'asta
85%
98,48 m Jan Železný Lancio del giavellotto
78%
23,56 m Ryan Crouser Getto del peso
76%
18,29 m Jonathan Edwards Salto triplo
73%
9"58 Usain Bolt 100 m piani
69%
19"19 Usain Bolt 200 m piani
69%
86,74 m Jurij Sedych Lancio del martello
68%
43"03 Wayde van Niekerk 400 m piani
67%
75,56 m Mykolas Alekna Lancio del disco
65%
12"12 Tobi Amusan 100 m ostacoli
61%
1'40"91 David Rudisha 800 m piani
60%
26'11"00 Joshua Cheptegei 10000 m piani
58%
45"94 Karsten Warholm 400 m ostacoli
58%
12"80 Aries Merritt 110 m ostacoli
54%
12'35"36 Joshua Cheptegei 5000 m piani
53%
9126 punti Kévin Mayer Decathlon
53%
3'26"00 Hicham El Guerrouj 1500 m piani
51%
7'52"11 Lamecha Girma 3000 m siepi
51%
36"84 Giamaica Staffetta 4×100 m
47%
7291 punti Jackie Joyner-Kersee Eptathlon
45%
2'54"29 Stati Uniti Staffetta 4×400 m
42%
1h16'36" Yūsuke Suzuki Marcia 20 km
31%
3h32'33" Yohann Diniz Marcia 50 km
25%
Nessun quiz corrispondente trovato
Distribuzione punteggi
Percentuale di utenti per punteggio
Percentile per numero di risposta
I tuoi punteggi nel tempo
Non hai fatto questo quiz